International legal English : . (رقم التسجيلة. 29883)
[ عرض عادي ]
| 000 -الفاتح | |
|---|---|
| حقل البيانات ثابتة الطول | 00686nam a22002177a 4500 |
| 003 - محدد رقم الضبط | |
| رقم الضبط | OSt |
| 005 - وقت وتاريخ اخر تعامل مع التسجيلة | |
| رقم الضبط | 20150408114133.0 |
| 008 - عناصر البيانات ثابتة الطول - معلومات عامة | |
| حقل البيانات ثابتة الطول | 060621s2011 enka 001 0 eng |
| 040 ## - مصدر الفهرسة | |
| وكالة الفهرسة الأصلية | Ma_ua |
| 082 ## - رقم تصنيف ديوى العشرى | |
| رقم الطبعة | 22 |
| رقم التصنيف | 428.007 |
| رقم المادة | KLI |
| 100 ## - المدخل الرئيسى - إسم شخصى | |
| الإسم الشخصى | Krois-Lindner, Amy. |
| 245 ## - بيان العنوان | |
| العنوان | International legal English : . |
| بقية العنوان | a course for classroom or self-study use |
| بيان المسئوليه,etc | Amy Krois-Lindner and TransLegal |
| 250 ## - بيان الطبعة | |
| بيان الطبعة | 2ne ed |
| 260 ## - PUBLICATION, DISTRIBUTION, ETC. (IMPRINT) | |
| مكان الناشر او الموزع | Cambridge : . |
| اسم الناشر او الموزع | Cambridge University Press, |
| تاريخ النشر أو التوزيع | 2011 |
| 300 ## - الوصف المادى | |
| التعداد | 336 p. :. |
| تفاصيل ماديه اخرى للوعاء | ill. ; |
| أبعاد الوعاء | 27 cm. + |
| المادة المصاحبة | 3 Audio CDs |
| 490 ## - بيان السلسلة | |
| عنوان السلسلة | Cambridge professional English |
| 500 ## - تبصرة عامة | |
| تبصرة عامة | Includes index. |
| 650 ## - المدخل الاضافى بالموضوع-مصطلح موضوعى | |
| مصطلح موضوعي أو اسم جغرافي كعنصر مدخل | Business law. |
| 710 ## - المدخل الاضافى - اسم هيئه | |
| اسم الهيئة أو اسم السلطة كمدخل | TransLegal (Firm) |
| 942 ## - عناصر المدخل الإضافي( كوها) | |
| مصدر التصنيف او مخطط الترفيف | Dewey Decimal Classification |
| Koha [default] item type | كتاب |
| حالة الفقد | نموذج السعر الفعال | حالة تلف | ليس للاعارة | رقم الطلب | رقم النسخة | تاريخ الاكتساب | الموقع الحالي | الباركود | الفرع الرئيسي | Date last seen | نوع المادة فى نظام كوها | مصدر التصنيف او خطة الترفيف | Total Checkouts |
|---|---|---|---|---|---|---|---|---|---|---|---|---|---|
| 2013-04-27 | Not For Loan | 428.007 KLI | 1 | 2013-04-27 | المكتبة المركزية بالمجمعة (CL) | 00306598 | المكتبة المركزية بالمجمعة (CL) | 2013-04-27 | كتاب | Dewey Decimal Classification | |||
| 2013-04-27 | 428.007 KLI | 2 | 2013-04-27 | المكتبة المركزية بالمجمعة (CL) | 00306891 | المكتبة المركزية بالمجمعة (CL) | 2013-04-27 | كتاب | Dewey Decimal Classification | ||||
| 2013-04-27 | 428.007 KLI | 3 | 2013-04-27 | المكتبة المركزية بالمجمعة (CL) | 00306892 | المكتبة المركزية بالمجمعة (CL) | 2013-04-27 | كتاب | Dewey Decimal Classification | ||||
| 2013-04-27 | Not For Loan | 428.007 KLI | 1 | 2013-04-27 | مكتبة كلية العلوم و الدراسات الإنسانية برماح - طلاب (SRM) | 00305786 | مكتبة كلية العلوم و الدراسات الإنسانية برماح - طلاب (SRM) | 2013-04-27 | كتاب | Dewey Decimal Classification | |||
| 2013-04-27 | 428.007 KLI | 2 | 2013-04-27 | مكتبة كلية العلوم و الدراسات الإنسانية برماح - طلاب (SRM) | 00305787 | مكتبة كلية العلوم و الدراسات الإنسانية برماح - طلاب (SRM) | 2013-04-27 | كتاب | Dewey Decimal Classification |
